000 00638nam a2200181 a 4500
008 120416s1983 ||||||||||||||||| || u
020 _a0534014151
050 _aTK 7881 Hum
100 _aSheets, Leslie P
245 1 0 _aIndustrial electronics
246 _aJame T. Humphries
260 _aNorth Scituate, Mass.
_bBreton Publishers
_c1983.
300 _axiv, 280, (56)p. : ill
350 _a0.00
500 _aBibliography.
650 _aINDUSTRIAL ELECTRONICS
995 _D0.00
_FCBU-MAIN LIBRARY (Kitwe)
_H1
_I24.00
_M1
_UAVAILABLE
_WMay 19, 2006
_ZAnnex Low-Usage Collection
999 _c46718
_d46718